• 首页
  • 本馆介绍
  • 公告通知
  • 最新文献
  • 馆藏检索
  • 电子资源
  • 读者导购
  • 参考咨询
  • 我的图书馆
  • 登录
  • 详细信息显示
  • 放入我的书架
  • 预约/预借图书
  • 作者相关作品
  • 分类相关作品
  • 丛书相关作品
  • 出版社相关作品

书目信息

  • 表格格式
  • 工作单格式
  • 卡片格式
题名:
中国历史基本功训练
    
 
作者: 杨丽娟 著
分册: 第四册  
出版信息: 石家庄   河北教育出版社  2019.09
页数: 104页
开本: 24cm
丛书名:
单 册:
中图分类: C29
科图分类:
主题词: 社会科学--组织机构 , 社会科学--团体 , 社会科学--会议 , 社会科学--国家行政机关
电子资源:
ISBN: 978-7-5434-2266-7
000 00694nam0 2200217 450
001 202411012273378766
005 20241101095739.14
010    @a978-7-5434-2266-7@d¥2.15
100    @a20241101d km y0chiy0120 ea
101 0  @achi
200 1  @a中国历史基本功训练@AZhong Guo Li Shi Ji Ben Gong Xun Lian@h第四册@f杨丽娟著@FYang Li Juan Zhu
210    @a石家庄@c河北教育出版社@d2019.09
215    @a104页@d24cm
606 0  @a社会科学@x组织机构
606 0  @a社会科学@x团体
606 0  @a社会科学@x会议
606 0  @a社会科学@x国家行政机关
690    @aC29@v4
701  0 @a杨丽娟@AYang Li Juan@4著
801  0 @aCN@b大连网信软件有限公司图书馆·11@c20241101
905    @aZUCC@b1431635@dC29@e497:4@f1
    
    中国历史基本功训练.第四册/杨丽娟著.-石家庄:河北教育出版社,2019.09
    104页;24cm
    
    
    ISBN 978-7-5434-2266-7:¥2.15
    
●
相关链接 在E读中查询图书 在五车中查询图书 在当当中查询图书 在豆瓣中查询图书


正题名:中国历史基本功训练     索取号:C29/497:4         预约/预借

序号 登录号 条形码 馆藏地/架位号 状态 备注
1 1431635   214316355   密集书库-史法系/ [索取号:C29/497:4] 在馆    
唐山师范学院图书馆 欢迎您!
大连网信软件有限公司© 版权所有